Jurisprudence universelle et théodicée selon Leibniz

Gardado en:
Detalles Bibliográficos
Autor Principal: Grua, Gaston (Author)
Formato: Libro
Idioma:francés
Publicado: París Universitaires de France 1953
Series:Bibliothèque de Philosophie Contemporaine
Subjects:
Tags: Engadir etiqueta
Sen Etiquetas, Sexa o primeiro en etiquetar este rexistro!

MARC

LEADER 00000nam a2200000 a 4500
001 UCZ5214
003 CL-VaPUC
008 951117e19530000FR |||||||||||||||||fre|d
082 0 4 |a 111.1  |b GRU  |2 21 
100 |a Grua, Gaston  |e author  |9 395684 
245 1 0 |a Jurisprudence universelle et théodicée selon Leibniz 
300 |a 546 p 
942 |c BK 
945 |d 19951117 00:00:00  |a cmena 
260 |a París  |b Universitaires de France  |c 1953 
650 0 |a Monadología   |9 268988 
650 0 |a Ontología   |9 256850 
650 0 |a Metafísica  |9 265649 
650 0 |a Teología   |9 258766 
650 0 |a Filosofía del espíritu  |9 320175 
650 0 |a Voluntad  |9 307812 
583 |a last modification  |c 19951117 00:00:00  |k Rodrigo Vera 
490 0 |a Bibliothèque de Philosophie Contemporaine 
999 |c 241536  |d 241534 
952 |0 0  |1 0  |4 0  |6 111_100000000000000_GRU_1953  |7 0  |8 P  |9 253879  |a BIBEDU  |b BIBEDU  |c BIBEDU_PB  |d 2019-11-19  |i 1572873  |o 111.1 GRU 1953  |p 1572873  |r 2024-01-25  |w 2019-11-19  |y BK  |k FIL 
952 |0 0  |1 0  |4 0  |6 111_100000000000000_GRU_1953  |7 0  |8 P  |9 253880  |a BIBEDU  |b BIBEDU  |c BIBEDU_PB  |d 2019-11-19  |i 1623982  |o 111.1 GRU 1953  |p 1623982  |r 2024-01-25  |w 2019-11-19  |y BK  |k FIL